01012nam a2200193Ia 4500001002200000003001000022008004100032040002500073041000700098100001800105240005500123245013000178250001100308260007100319300001200390500039200402650001300794700001100807db5-1437 [d000001440]IT-MiCISF161014s9999||||xx |||||||||||||| ||und|| aIT-MiCISFcIT-MiCISF aen aAgius Emanuel aThe Quality of Life in the Mediterranean Countries 4aThe Quality of Life in the Mediterranean Countriesb1 Mediterranean Meeting on Bioethics, Acireale 31 ottobre-5 novembre 1992 a1a ed. a PalermobEdi Oftes, Istituto siciliano di bioetica, Palermoc1993 app. 185 aQuaderni di "Bioetica e cultura", Istituto siciliano di bioetica, Facoltà teologica di Sicilia / bioetica, qualità-della-vita, cultura, invecchiamento, popolazione, salute, pianificazione-familiare / Enneifer H., el Gowhary H., Grima G., Heyd D., Kalandidi A., Lamau M.-L., Leone S., Parrisiadou F., Primoratz I., Privitera S., Sanchez-Gonzales M.A., Teixeira da Cunha J. - documento abioetica aAA.VV.